Music Quiz

Random Music or Lyrics Quiz

Finish the Lyric Quiz Stats

 Plays Quiz Updated Oct 19, 2017

Support Sporcle.
Go Orange.
Score 0/15 Timer 06:00
50 Plays Today
Lyric Finish % Correct
Mama, just killed a man, put a gun against his head...pulled my trigger, now he's dead
78.2%
I kissed a girl and I liked it, the taste of... her cherry chapstick
77.7%
Oops!...I did it again. I played with your heart...got lost in the game
64.8%
Billie Jean is not my lover, she's just a girl who...claims that I am the one
60.1%
Sing us a song you're the piano man. Sing us a song tonight. Well we're all in...the mood for a melody
52.8%
Some people call me the space cowboy, some call me the gangster of love...Some people call me Maurice
47.8%
Still like that old time rock'n' roll, that kind of music...just soothes the soul
44.9%
Lend me your ears and I'll sing you a song, And I'll...try not to sing out of key
41.3%
Lyric Finish % Correct
On a dark desert highway, cool wind in my hair, warm smell of colitas...rising up through the air
35.6%
She was a fast machine, she kept her motor clean, she was...the best damn woman that I ever seen
33.3%
Papa don't preach, I'm in trouble deep, Papa don't preach...I've been losing sleep
28.4%
Mamma mia, here I go again, my my, how can I resist you? Mamma mia...does it show again?
26.2%
If you'll be my bodyguard, I can be your long lost pal, I can call you Betty and...Betty when you call me you can call me Al
19.5%
No April rain, no flowers bloom, no wedding Saturday...within the month of June
15%
Glory days, well they'll pass you by, Glory days in...the wink of a young girl's eye
11.6%

From the Vault

3 Letter Words in 1980s Songs

by AwesumJuan

Music 2m
Choosing "When Doves Jam" is a possibility in this quiz. While awesome, it's probably not correct.
Remove Ads.
Support Sporcle.
Get the best of Sporcle when you Go Orange. This ad-free experience offers more features, more stats, and more fun while also helping to support Sporcle. Thank you for becoming a member.

Show Comments

Extras

Top Quizzes Today


Score Distribution

Your Account Isn't Verified!

In order to create a playlist on Sporcle, you need to verify the email address you used during registration. Go to your Sporcle Settings to finish the process.

Report this User

Report this user for behavior that violates our Community Guidelines.

Details: